| 000 | 00547nam a2200133Ia 4500 | ||
|---|---|---|---|
| 008 | 171212s9999 xx 000 0 und d | ||
| 020 | _a9780833042965 | ||
| 100 | _aWilson, Jeremy M.;Dalton, Erin | ||
| 245 |
_cWilson, Jeremy M.;Dalton, Erin _aHuman Trafficking in Ohio _bMarkets, Responses, and Considerations |
||
| 260 |
_bRAND Corporation _c2007 |
||
| 650 | _aHuman trafficking -- Ohio; Human trafficking -- Government policy -- Ohio; Forced labor -- Prevention | ||
| 650 | _aPolitical Science | ||
| 856 | _uwww.jstor.org/stable/10.7249/mg689oacp | ||
| 999 |
_c352163 _d352163 |
||